000 01236nam a2200229Ia 4500
001 7337
003 GE_BSU
008 181216s||||||||xx |||||||||||||| ||und||
020 _a9789941407001
040 _cGE_BSU
080 _a94(479.22)+930.22/27(560)
245 _aსამი ოსმალური წყარო თბილისის ისტორიისათვის
245 _b1730-1732 წლები.
245 _cთურქული ტექსტი, ქართული თარგმანით, შესავლით, ტერმინოლოგიური ლექსიკონით გამოსაცემად მოამზადა ნოდარ შენგელიამ. გამომც. რედ.: მარგო ინასარიძე.
250 _aივანე ჯავახიშვილის სახ. თბილისის სახ. უნ–ტი.
260 _aთბილისი.
260 _bჰოროსი XXI.
260 _c2008.
300 _a488 გვ.; 20 სმ.
653 _aსამი ოსმალური წყარო თბილისის ისტორიისათვის
942 _cBK
999 _c40701
_d40701